| 000 | 011550000a22001690004500 | ||
|---|---|---|---|
| 090 | _aT Ar45g | ||
| 100 | 1 | _aAristizábal Aristizábal, Julián | |
| 245 | 1 | 0 | _aGuía para realizar una cumbre de oración / Julián Aristizábal Aristizábal ; Nancy Ariza Calderón ; Guillermo Trujillo Céspedes |
| 260 | _aColombia : FUSBC | ||
| 300 | _a60 Pág. | ||
| 502 | _aTesis (Licenciatura en Teología Bíblica) - - Fundación Universitaria Seminario Bíblico de Colombia, 2008 | ||
| 520 | _aLa Guía para realizar una Cumbre de Oración contiene un marco bíblico, teológico y filosófico que la sustenta, una revisión documental de las Cumbres realizadas en la Fundación Universitaria Seminario Bíblico de Colombia desde 1999 hasta 2008 y una definición detallada del proceso anterior, durante y después de ella, con el fin de facilitar su realización tanto en la Fundación Universitaria Seminario Bíblico de Colombia como en la iglesia nacional. | ||
| 650 | 1 | 4 | _aGRUPOS DE ORACION \ ORACION \ CRECIMIENTO ESPIRITUAL \ ESPIRITU SANTO \ LIDERAZGO |
| 700 | 1 | _aAriza Calderón, Nancy \ Trujillo Céspedes, Guillermo | |
| 001 | 5020 | ||
| 942 | _cBK | ||
| 999 |
_c35521 _d35521 |
||